000 00501nam a2200181Ia 4500
005 20250326124227.0
008 250326s9999 xx 000 0 und d
037 _aTextbook
040 _aFMSL
_beng
_cFMSL
041 _aeng
_2eng
084 _aX:513 K8;2
_qFMSL
100 _aHobson J W
_9345313
245 0 _aSelection of advertising media
_cHobson J W
260 _aLondon
_bLondon, Business Books
_c1968
300 _a217p
942 _cTB
_hX:513 K8;2
999 _c1272836
_d1272836